LEADER 01731nam0 22003731i 450 001 UON00528369 005 20251121120244.634 010 $a978-05-216-8972-4 100 $a20250429d2013 |0itac50 ba 101 $aeng 102 $aGB 105 $a|||| ||||| 200 1 $aˆAn ‰Environmental history of Russia$fPaul Josephson, ... [et al.] 210 $aCambridge$cCambridge University Press$d2013 215 $a340 p.$cill.$d23 cm 410 1$1001UON00175862$12001 $a Studies in environment and history$fD. Worster$gA. Crosby (eds) 606 $aAsia centrale$xPolitica ambientale$xEcologia$3UONC105285$2FI 606 $aAsia centrale$xSociologia$3UONC014381$2FI 620 $dCambridge$3UONL000022 686 $aAC XIII$cAsia Centrale - Sociologia, Ecologia, Politica ambientale$2A 702 1$aCherp$bAleh$3UONV298069 702 1$aDronin$bNicolai$3UONV298068 702 1$aEfremenko$bDmitry$3UONV298071 702 1$aJosephson$bPaul R.$3UONV133731 702 1$aLarin$bVladislav$3UONV298072 702 1$aMnatsakanian$bRuben$3UONV298070 712 $aCambridge University Press$3UONV245943$4650 801 $aIT$bSOL$c20251205$gRICA 899 $aSIBA - SISTEMA BIBLIOTECARIO DI ATENEO E ARCHIVIO STORICO$2UONSI 912 $aUON00528369 950 $aSIBA - SISTEMA BIBLIOTECARIO DI ATENEO E ARCHIVIO STORICO$dSI AC XIII 027 N $eSI 53112 5 027 N 951 $aSIBA - SISTEMA BIBLIOTECARIO DI ATENEO E ARCHIVIO STORICO$bSI2025131 1J 20250429D.D.T. n. 196 del 18/9/2025. 996 $aEnvironmental History of Russia$94371018 997 $aUNIOR